000 00497nam a2200181Ia 4500
001 4491
005 20260306145800.0
008 260306t2009||||xx |||||||||||||| ||spa||
041 _aESP
082 _a323.34
_bI59
100 _aInstituto Interamericano de Derechos Humanos
_eAUT
245 0 _aGuía de capacitación en derechos humanos de las mujeres. Tejiendo el cambio
260 _c2009
300 _a382 páginas :
_c28 cm.
650 _aGEN
654 _aCHU
942 _cLIB
_dJUS
_fJUS
_2ddc
_n
999 _c4491
_d4491